| 000 | 00723nam a2200229Ia 4500 | ||
|---|---|---|---|
| 003 | GCL | ||
| 008 | 140319s9999 xx 000 0 ara d | ||
| 040 |
_aGCL / _cGCL |
||
| 082 | 0 | 4 |
_aط _b595.799 _bص ى |
| 100 | 1 | _aصنع الله ابراهيم | |
| 245 | 1 | 0 |
_aيوم عادت الملكة القديمة (هدية من الاديب عبدالفتاح الجمل) / _cصنع الله ابراهيم |
| 300 | _a120 ص | ||
| 490 |
_aمكتبة الروايات العلمية _v0 |
||
| 650 | 0 | 4 | _aعسل النحل |
| 650 | 0 | 4 | _aالحشرات |
| 650 | 0 | 4 | _aالنحل |
| 650 | 0 | 4 | _aخلايا |
| 650 | 0 | 4 | _aشمع النحل |
| 650 | 0 | 4 | _aملكات |
| 650 | 0 | 4 | _aالحشرات النافعة |
| 942 |
_2ddc _cBK |
||
| 999 |
_c38407 _d38407 |
||